<?xml version="1.0" encoding="UTF-8"?>
<collection xmlns="http://www.loc.gov/MARC21/slim">
<record>
  <controlfield tag="001">130229</controlfield>
  <controlfield tag="005">20241125101155.0</controlfield>
  <datafield tag="024" ind1="7" ind2=" ">
    <subfield code="2">doi</subfield>
    <subfield code="a">10.1002/jae.2977</subfield>
  </datafield>
  <datafield tag="024" ind1="8" ind2=" ">
    <subfield code="2">sideral</subfield>
    <subfield code="a">133688</subfield>
  </datafield>
  <datafield tag="037" ind1=" " ind2=" ">
    <subfield code="a">ART-2023-133688</subfield>
  </datafield>
  <datafield tag="041" ind1=" " ind2=" ">
    <subfield code="a">eng</subfield>
  </datafield>
  <datafield tag="100" ind1=" " ind2=" ">
    <subfield code="a">Carrion-i-Silvestre, Josep Lluís</subfield>
  </datafield>
  <datafield tag="245" ind1=" " ind2=" ">
    <subfield code="a">Testing for multiple level shifts with an integrated or stationary noise component</subfield>
  </datafield>
  <datafield tag="260" ind1=" " ind2=" ">
    <subfield code="c">2023</subfield>
  </datafield>
  <datafield tag="506" ind1="0" ind2=" ">
    <subfield code="a">Access copy available to the general public</subfield>
    <subfield code="f">Unrestricted</subfield>
  </datafield>
  <datafield tag="520" ind1="3" ind2=" ">
    <subfield code="a">The paper analyzes the detection and estimation of multiple level shifts regardless of the order of integration of the time series. We show that it is possible to extend the Bai-Perron methodology (1998) to the I(1) and NI(1) nonstationary cases so that a unified framework to test for the presence of multiple level shifts in a robust way is designed. The finite sample performance of the proposed statistics is carried out, establishing a comparison with other existing approaches in the literature. The paper illustrates the implementation of the statistics focusing on the real exchange rate with time series that either cover a long time period or provide a worldwide analysis. Robust detection of multiple level shifts is of great importance to define the statistical approach that is used to test the purchasing power parity hypothesis.

El artículo analiza la detección y estimación de múltiples cambios de nivel independientemente del orden de integración de la serie temporal. Mostramos que es posible extender la metodología de Bai-Perron (1998) a los casos no estacionarios I(1) y NI(1) de modo que se diseñe un marco unificado para probar la presencia de múltiples cambios de nivel de manera robusta. Se realiza la realización de muestras finitas de la estadística propuesta, estableciendo una comparación con otros enfoques existentes en la literatura. El documento ilustra la implementación de estadísticas centradas en el tipo de cambio real con series temporales que cubren un largo período o proporcionan un análisis mundial. La detección sólida de múltiples cambios de nivel es de gran importancia para definir el enfoque estadístico que se utiliza para probar la hipótesis de la paridad del poder adquisitivo.</subfield>
  </datafield>
  <datafield tag="536" ind1=" " ind2=" ">
    <subfield code="9">info:eu-repo/grantAgreement/ES/MICINN-AEI/RED2018-102563-T</subfield>
    <subfield code="9">info:eu-repo/grantAgreement/ES/MICINN/ECO2016-81901-REDT</subfield>
    <subfield code="9">info:eu-repo/grantAgreement/ES/MICINN/PID2020-114646RB-C41</subfield>
    <subfield code="9">info:eu-repo/grantAgreement/ES/MICINN/PID2020-114646RB-C44</subfield>
  </datafield>
  <datafield tag="540" ind1=" " ind2=" ">
    <subfield code="9">info:eu-repo/semantics/embargoedAccess</subfield>
    <subfield code="a">All rights reserved</subfield>
    <subfield code="u">http://www.europeana.eu/rights/rr-f/</subfield>
  </datafield>
  <datafield tag="590" ind1=" " ind2=" ">
    <subfield code="a">2.3</subfield>
    <subfield code="b">2023</subfield>
  </datafield>
  <datafield tag="591" ind1=" " ind2=" ">
    <subfield code="a">SOCIAL SCIENCES, MATHEMATICAL METHODS</subfield>
    <subfield code="b">15 / 67 = 0.224</subfield>
    <subfield code="c">2023</subfield>
    <subfield code="d">Q1</subfield>
    <subfield code="e">T1</subfield>
  </datafield>
  <datafield tag="591" ind1=" " ind2=" ">
    <subfield code="a">ECONOMICS</subfield>
    <subfield code="b">175 / 600 = 0.292</subfield>
    <subfield code="c">2023</subfield>
    <subfield code="d">Q2</subfield>
    <subfield code="e">T1</subfield>
  </datafield>
  <datafield tag="592" ind1=" " ind2=" ">
    <subfield code="a">2.13</subfield>
    <subfield code="b">2023</subfield>
  </datafield>
  <datafield tag="593" ind1=" " ind2=" ">
    <subfield code="a">Social Sciences (miscellaneous)</subfield>
    <subfield code="c">2023</subfield>
    <subfield code="d">Q1</subfield>
  </datafield>
  <datafield tag="593" ind1=" " ind2=" ">
    <subfield code="a">Economics and Econometrics</subfield>
    <subfield code="c">2023</subfield>
    <subfield code="d">Q1</subfield>
  </datafield>
  <datafield tag="594" ind1=" " ind2=" ">
    <subfield code="a">3.7</subfield>
    <subfield code="b">2023</subfield>
  </datafield>
  <datafield tag="655" ind1=" " ind2="4">
    <subfield code="a">info:eu-repo/semantics/article</subfield>
    <subfield code="v">info:eu-repo/semantics/acceptedVersion</subfield>
  </datafield>
  <datafield tag="700" ind1=" " ind2=" ">
    <subfield code="a">Gadea, María Dolores</subfield>
    <subfield code="u">Universidad de Zaragoza</subfield>
    <subfield code="0">(orcid)0000-0001-6609-4247</subfield>
  </datafield>
  <datafield tag="710" ind1="2" ind2=" ">
    <subfield code="1">4014</subfield>
    <subfield code="2">225</subfield>
    <subfield code="a">Universidad de Zaragoza</subfield>
    <subfield code="b">Dpto. Economía Aplicada</subfield>
    <subfield code="c">Área Economía Aplicada</subfield>
  </datafield>
  <datafield tag="773" ind1=" " ind2=" ">
    <subfield code="g">38, 6 (2023), 801-819</subfield>
    <subfield code="p">J. appl. econ.</subfield>
    <subfield code="t">JOURNAL OF APPLIED ECONOMETRICS</subfield>
    <subfield code="x">0883-7252</subfield>
  </datafield>
  <datafield tag="856" ind1="4" ind2=" ">
    <subfield code="s">1176998</subfield>
    <subfield code="u">http://zaguan.unizar.es/record/130229/files/texto_completo.pdf</subfield>
    <subfield code="y">Postprint</subfield>
    <subfield code="z">info:eu-repo/date/embargoEnd/2025-05-30</subfield>
  </datafield>
  <datafield tag="856" ind1="4" ind2=" ">
    <subfield code="s">1312933</subfield>
    <subfield code="u">http://zaguan.unizar.es/record/130229/files/texto_completo.jpg?subformat=icon</subfield>
    <subfield code="x">icon</subfield>
    <subfield code="y">Postprint</subfield>
    <subfield code="z">info:eu-repo/date/embargoEnd/2025-05-30</subfield>
  </datafield>
  <datafield tag="909" ind1="C" ind2="O">
    <subfield code="o">oai:zaguan.unizar.es:130229</subfield>
    <subfield code="p">articulos</subfield>
    <subfield code="p">driver</subfield>
  </datafield>
  <datafield tag="951" ind1=" " ind2=" ">
    <subfield code="a">2024-11-22-12:08:48</subfield>
  </datafield>
  <datafield tag="980" ind1=" " ind2=" ">
    <subfield code="a">ARTICLE</subfield>
  </datafield>
</record>
</collection>